000 01015nam a22002777a 4500
003 OSt
005 20160819094716.0
008 160819b xxu||||| |||| 00| 0 eng d
020 _a978-0-205-51731-2
040 _cLIC
082 _22008
_aDC 372.41
_bT24a
100 _913119
_aTemple, Charles
245 _aAll children read :
_bteaching for literacy in today's diverse classroom /
_cby Charles A. Temple...[and three others]
250 _aSecond Edition
260 _aBoston:
_bPearson Education Inc.,
_cc2008.
300 _axxxix, 549 pages:
_bcolor illustrations;
_c27 cm.
365 _b5,275.00
_cPhp
500 _aIncludes appendix, references and index.
650 0 _913121
_aReading (Elementary) -- United States
650 0 _913122
_aLanguage arts (Elementary) -- United States
650 0 _913123
_aEnglish language -- Study and teaching (Elementary) -- Foreign speakers
700 _913124
_aOgle, Donna
700 _913125
_aCrawford, Alan
700 _913126
_aFreppon, Penny
942 _2ddc
_cDC
999 _c3927
_d3927